000 00992nam a2200289Ia 4500
001 Z_1619
003 CHAP
008 220113s1988 xx 000 0 und d
010 _a164706
040 _cCHAP
082 _a636.08 S32
100 _aSalinas González, Homero, ed
_9138780
245 _aLa simulación en los sistemas de producción agropecuarios /
_ced. por Homero Salinas González y Saúl Flores A
260 _aMatamoros, Coah :
_bINIFAP. Centro de Investigaciones Forestales y Agropecuarias Región Lagunera,
_c1988
300 _a193 p
440 _a
500 _a
503 _a
650 _aGanadería
_xMétodos estadísticos
_944825
650 _aSimulación I. Flores A., Saúl, ed. II. Instituto Nacional de Investigaciones Forestales y Agropecuarias. México. Centro de Investigaciones Forestales y Agropecuarias Región Lagunera III. t.
_9138781
901 _a636.08 S32
902 _aA
910 _a1988
942 _c1
942 _cc1
999 _c164706
_d164706